College Quizbowl Stats
College Quizbowl Stats
Circuits
Seasons
Sets
Records
Detailed Stats
About
Loading...
2023 Penn Bowl (Mainsite)
Tossups
Bonuses
Players
Teams
Categories (Tossup)
Categories (Bonus)
Samuel Wang
RIT A
Categories
Category
Powers
Gets
Negs
BBs
Points
Earliest Buzz
Avg. Buzz
First Buzzes
Top 3 Buzzes
BPA
PVF
History - Other
0
1
0
0
10
106
106.00
0
0
0.00
0.00
Literature - British
0
1
0
0
10
119
119.00
0
0
0.00
0.00
Literature - European
0
1
0
0
10
146
146.00
0
0
0.00
0.00
Philosophy
0
0
1
0
-5
0.00
0
0
0.00
0.00
Buzzes
Category
Answer
Value
Buzz Position
History - Other
mesoamerican ballgame
10
106
Philosophy
contract
-5
108
Literature - British
London
10
119
Literature - European
Ars Poetica
10
146
Previous
1
Next